|
|
|
|
| LEADER |
00000nam0a2200000 4500 |
| 001 |
292097 |
| 005 |
20231102000448.0 |
| 010 |
|
|
|a 9785406040522
|
| 035 |
|
|
|a (RuTPU)RU\TPU\book\316710
|
| 090 |
|
|
|a 292097
|
| 100 |
|
|
|a 20150420d2015 m y0rusy50 ca
|
| 101 |
0 |
|
|a rus
|
| 102 |
|
|
|a RU
|
| 105 |
|
|
|a a j 001zy
|
| 200 |
1 |
|
|a Основы физики. Волновая и квантовая оптика
|e учебное пособие
|f Т. И. Трофимова
|
| 210 |
|
|
|a Москва
|c КноРус
|d 2015
|
| 215 |
|
|
|a 215 с.
|c ил.
|
| 320 |
|
|
|a Предм. указ.: с. 206-211.
|
| 330 |
|
|
|a Пособие охватывает все разделы курса физики для инженерно-технических специальностей высших учебных заведений и отвечает программе по физике.Изложение ведется без громоздких математических выкладок, большое внимание уделено разъяснению физической сути явлений и описывающих их понятий, а также преемственности современной и классической физики.Для студентов инженерно-технических специальностей высших учебных заведений. Может быть использовано преподавателями всех типов средних учебных заведений, а также студентами техникумов и колледжей.
|
| 606 |
1 |
|
|a Физика
|2 stltpush
|3 (RuTPU)RU\TPU\subj\63709
|9 80688
|
| 606 |
1 |
|
|a Волновая оптика
|2 stltpush
|3 (RuTPU)RU\TPU\subj\3524
|9 31926
|
| 606 |
1 |
|
|a Квантовая оптика
|2 stltpush
|3 (RuTPU)RU\TPU\subj\14216
|9 40672
|
| 610 |
1 |
|
|a упругие среды
|
| 610 |
1 |
|
|a волны
|
| 610 |
1 |
|
|a электромагнитные волны
|
| 610 |
1 |
|
|a свет
|
| 610 |
1 |
|
|a интерференция
|
| 610 |
1 |
|
|a дифракция
|
| 610 |
1 |
|
|a распространение
|
| 610 |
1 |
|
|a поляризация
|
| 610 |
1 |
|
|a тепловое излучение
|
| 610 |
1 |
|
|a дисперсия
|
| 610 |
1 |
|
|a фотоэффекты
|
| 610 |
1 |
|
|a учебные пособия
|
| 675 |
|
|
|a 53(075.8)
|v 4
|
| 675 |
|
|
|a 535.12(075.8)
|v 4
|
| 675 |
|
|
|a 535.14(075.8)
|v 4
|
| 700 |
|
1 |
|a Трофимова
|b Т. И.
|g Таисия Ивановна
|
| 801 |
|
1 |
|a RU
|b 63413507
|c 20150420
|
| 801 |
|
2 |
|a RU
|b 63413507
|c 20150514
|g RCR
|
| 900 |
|
|
|a Физика
|
| 900 |
|
|
|a Волны и оптика
|
| 900 |
|
|
|a Квантовая физика. Колебания и волны
|
| 942 |
|
|
|c BK
|
| 951 |
|
|
|l 8
|
| 959 |
|
|
|a 55/20150420
|d 5
|e 130,00
|f ЧЗТЛ:1
|f УФ:4
|